Estatísticas para Quiz da Bélgica

Clique aqui para jogar o quiz

Estatísticas Gerais

  • Esse quiz foi jogado 1 394 vezes
  • A pontuação média é 12 de 20

Estatísticas das Respostas

DicaResposta% Correto
CapitalBruxelas
96%
Países fazendo fronteira
com a Bélgica
França
92%
Países fazendo fronteira
com a Bélgica
Países Baixos
92%
Línguas mais faladasFrancês
91%
Países fazendo fronteira
com a Bélgica
Alemanha
90%
Países fazendo fronteira
com a Bélgica
Luxemburgo
83%
Línguas mais faladasNeerlandês
81%
Maior colônia africana da BélgicaCongo Belga
65%
Pequenas criaturas fictícias azuis,
criados por Pierre Culiford
Os Smurfs(br)
Os Estrumpfes(pt)
62%
Comida que é prensada em ferro
que imprime texturas quadriculares
Gofre
49%
Mar na costa belgaMar do Norte
47%
Local da última batalha de NapoleãoWaterloo
45%
Sede olímpica de 1920Antuérpia
43%
Ator conhecido como JCVDJean-Claude
Van Damme
39%
Cidade famosa por canaisBruges
38%
Regiões da BélgicaFlandres
36%
Detetive fictício criado por
Agatha Christie
Hercule Poirot
31%
Regiões da BélgicaValónia
28%
Monarca atualRei Filipe
22%
Repórter intrépido que visitou o
Tibete, EUA, Sydney e mais
Tintim
21%

Distribuição das Pontuações

Percentil de Números Respondidos

Porcentagem de Pessoas com Cada Pontuação

Sua Pontuação Histórica

Você não jogou esse quiz